| 000 | 00530nam a2200169Ia 4500 | ||
|---|---|---|---|
| 008 | 090201s9999 xx 000 0 und d | ||
| 010 | _aKPL-55915 | ||
| 040 | _bमराठी | ||
| 041 | _aमराठी | ||
| 082 |
_a41725 _b55915 |
||
| 100 | _aरमेश पटवर्धन | ||
| 245 |
_aतक्षक _cरमेश पटवर्धन |
||
| 260 |
_c2004 _bसुर्याक्षरविविधा प्रकाशन |
||
| 300 |
_a106 _bमोठा |
||
| 600 | _aतक्षक | ||
| 942 | _cBOOK | ||
| 999 |
_c238907 _d238907 |
||